El Presidente visita las comarcas
Publicado:
San Jorge, núm. 67 - 68 (2n semestre 1967), pàg 96 - 105 :
MARC
| LEADER | 00000nam a2200000Ia 4500 | ||
|---|---|---|---|
| 008 | 160829s9999 xx 000 0 cat d | ||
| 245 | |a El Presidente visita las comarcas | ||
| 260 | |a San Jorge, núm. 67 - 68 (2n semestre 1967), pàg 96 - 105 | ||
| 590 | |a Comarques visitades: Sabadell, Ullastrell, Manresa, Berga, Prats del Lluçanès, Vic, Montseny | ||
| 600 | 0 | |a Muller i d'Abadal, Josep M., |d 1919-1981 |9 28922 | |
| 650 | |a Comarques |x Catalunya |9 29217 | ||
| 650 | 0 | |a Visites oficials |9 54041 |z Catalunya | |
| 650 | |a Caixa Catalunya |x Vic |9 40701 | ||
| 901 | |a Arxiu | ||
| 942 | |n 1 |2 udc | ||
| 952 | |0 0 |1 0 |4 0 |7 1 |9 49860 |a Arxiu |b Arxiu |d 2016-12-01 |l 0 |r 2016-12-01 00:00:00 |w 2016-12-01 |y ARXIU | ||
| 999 | |c 53702 |d 53702 | ||